Effectif Fribourg Gotteron 2024/2025 - Statistiques

Statistiques générales
  • Ce quiz a été pris 109 fois
  • Le résultat moyen est 16 sur 28
Statistiques - réponses
Numéros joueurs % Correct
20 Reto Berra
100%
39 Bryan Rüegger
76%
86 Julien Sprunger
76%
1 Loic Galley
76%
22 Dave Sutter
71%
71 Killian Mottet
71%
95 Jacob de la Rose
69%
16 Raphael Diaz
69%
7 Benoit Jecker
67%
18 Ryan Gunderson
67%
28 Christoph Bertschy
66%
88 Christopher Didomenico
66%
97 Nathan Marchon
66%
74 Andreas Borgman
62%
5 Simon Seiler
62%
32 Lucas Wallmark
60%
73 Sandro Schmid
60%
27 Yannick Rathgeb
59%
77 Maximilian Streule
55%
11 Mauro Dufner
53%
23 Samuel Walser
53%
79 Kevin Etter
43%
75 Dominik Binias
38%
37 Kevin Nicolet
34%
34 Jeremi Gerber
29%
9 Marcus Sörensen
26%
8 Santiago Näf
19%
65 Julien Rod
16%
Aucun quiz correspondant
Distribution des résultats
% des personnes avec chaque résultat
Percentile par nombre de réponses
Votre historique - résultats
Vous n’avez pas pris ce quiz